حماية حقوق التأليف على شبكة الإنترنت : (رقم التسجيلة. 90262)

تفاصيل مارك
000 -الفاتح
عناصر البيانات ثابتة الطول 00800cam a2200205 i 4500
005 - تاريخ ووقت آخر معاملة
حقل ضبط 20260122113024.0
008 - عناصر البيانات ثابتة الطول
عناصر البيانات ثابتة الطول 250721s2002 le gr 000 0 ara d
082 14 - رقم تصنيف ديوي العشري
رقم التصنيف 344.095
رقم المادة و ن س
100 1# - مدخل رئيسي – اسم شخصي
الاسم الشخصي ونسه، ديالا عيسى
علاقة الشخص بالعمل/ دوره مؤلف.
245 10 - بيان العنوان
العنوان حماية حقوق التأليف على شبكة الإنترنت :
بقية العنوان دراسة مقارنة /
بيان المسؤولية ديالا عيسى ونسه ؛ تقديم البروفسور عبدالسلام شعيب.
264 31 - بيانات النشر، التوزيع…إلخ
مكان النشر، التوزيع...إلخ بيروت :
اسم الناشر، الموزع...إلخ مكتبة صادر،
تاريخ النشر، التوزيع...إلخ 2002.
300 ## - الوصف المادي
عدد الوحدات المكونة للوعاء 328 صفحة.
490 0# - بيان السلسلة
عنوان السلسلة صادر في قانون المعلوماتية.
650 17 - مدخل إضافي بالموضوع - مصطلح موضوعي
مصطلح موضوعي أو اسم جغرافي كعنصر مدخل القانون.
650 17 - مدخل إضافي بالموضوع - مصطلح موضوعي
مصطلح موضوعي أو اسم جغرافي كعنصر مدخل التكنولوجيا.
650 17 - مدخل إضافي بالموضوع - مصطلح موضوعي
مصطلح موضوعي أو اسم جغرافي كعنصر مدخل الملكية.
650 17 - مدخل إضافي بالموضوع - مصطلح موضوعي
مصطلح موضوعي أو اسم جغرافي كعنصر مدخل التأليف.
942 ## - بيانات إضافية (كوها)
نوع التنصيف Dewey Decimal Classification
نوع المادة (كوها) كتب
المقتنيات
حالة السحب حالة الفقدان مصدر التصنيف حالة التلف غير قابل للإعارة المكتبة الرئيسية المكتبة الحالية موقع الرف تاريخ التزويد الرقم المتسلسل Total Checkouts رقم الإستدعاء الباركود تاريخ آخر ظهور تاريخ الفاتورة نوع المادة (كوها)
    Dewey Decimal Classification     المكتبة المركزية المكتبة المركزية الإعارة 28/07/2025 762314   344.095 / و ن س 762314 28/07/2025 28/07/2025 كتب
    Dewey Decimal Classification     مكتبة أبو علندا العامة مكتبة أبو علندا العامة الإعارة 28/07/2025 762330   344.095/ونس 762330 28/07/2025 28/07/2025 كتب
    Dewey Decimal Classification     مكتبة الأميرة ايمان العامة مكتبة الأميرة ايمان العامة الإعارة 28/07/2025 762321   344.095/ونس 762321 28/07/2025 28/07/2025 كتب
    Dewey Decimal Classification     مكتبة الاميرة بديعة مكتبة الاميرة بديعة الإعارة 28/07/2025 762324   344.095/ونس 762324 28/07/2025 28/07/2025 كتب
    Dewey Decimal Classification     مكتبة الحسن العامة مكتبة الحسن العامة الإعارة 28/07/2025 762326   344.095/ونس 762326 28/07/2025 28/07/2025 كتب
    Dewey Decimal Classification     مكتبة النصر العامة مكتبة النصر العامة الإعارة 28/07/2025 762332   344.095/ونس 762332 28/07/2025 28/07/2025 كتب
    Dewey Decimal Classification     مكتبة حمزة العامة مكتبة حمزة العامة الإعارة 28/07/2025 762327   344.095/ونس 762327 28/07/2025 28/07/2025 كتب
    Dewey Decimal Classification     مكتبة صويلح العامة مكتبة صويلح العامة الإعارة 28/07/2025 762322   344.095/ونس 762322 28/07/2025 28/07/2025 كتب
Implemented & Customized by: BBB with SCIT (Smart Chains for Information Technology)

Powered by Koha